000 00497nam a22002057a 4500
999 _c10035
_d10035
001 10035
003 OSt
005 20191214132720.0
008 180404b bg ||||| |||| 00| 0 eng d
035 _a(BD-JhCC)10035
040 _aBD-JhCC
_dBD-JhCC
041 _aeng
082 _a500
_bWIL
100 _91
245 _aThey Dared to Ask Questions /
_cAmabel Williams-Ellis
260 _aLondon :
300 _a68 p. :
_c19 cm.
942 _2ddc
_cBK